|
|
|
|
| LEADER |
00000cam a2200000 7i4500 |
| 001 |
0000003818 |
| 005 |
20110713.0 |
| 020 |
0 |
0 |
|a 9833109187
|
| 090 |
0 |
0 |
|a 359.09595
|b MOH 2006
|
| 100 |
1 |
0 |
|a Mokhtar Mohd Tohar
|
| 245 |
1 |
0 |
|a Protokol dan etiket dalam pengacaraan majlis
|c Mokhtar Mohd Tohar
|
| 260 |
0 |
0 |
|a Kuala Lumpur :
|b INTAN ,
|c 2006
|
| 300 |
|
|
|a ix, 293 p. ;
|c 23 cm.
|
| 500 |
0 |
0 |
|a Included bibliographical
|
| 650 |
0 |
0 |
|a Goverment etiquette---Malaysia
|
| 650 |
0 |
0 |
|a Master of ceremonies---Malaysia
|
| 650 |
0 |
0 |
|a Precedence---Malaysia
|
| 998 |
|
|
|a JPSM
|
| 999 |
|
|
|a 007434
|b Monograph
|c Open Shelf
|e Default branch
|